Informe sobre la situación de los derechos humanos en Honduras

Tallennettuna:
Bibliografiset tiedot
Yhteisötekijä: Comité para la Defensa de los Derechos Humanos en Honduras
Aineistotyyppi: Teksti
Julkaistu: Tegucigalpa: CODEH
Tagit: Lisää tagi
Ei tageja, Lisää ensimmäinen tagi!

MARC

LEADER 00000 a a2200000 04500
001 21745
003
040
090 |a 097300  
110 |a Comité para la Defensa de los Derechos Humanos en Honduras  
245 |a Informe sobre la situación de los derechos humanos en Honduras  
260 |a Tegucigalpa:   |b CODEH  
300 |a p. irr.  
999 |c 14436  |d 14436